Still no Trace of an aryan Inuasion: (Record no. 172701)

MARC details
000 -LEADER
fixed length control field 00625nam a22001937a 4500
005 - DATE AND TIME OF LATEST TRANSACTION
control field 20200211125513.0
010 ## - LCCN (DPL NO)
LC control number ENG-127684
020 ## - INTERNATIONAL STANDARD BOOK NUMBER
Terms of availability 950.00
International Standard Book Number 9788173056048
035 ## - SYSTEM CONTROL NUMBER
System control number EN-111216
037 ## - SOURCE OF ACQUISITION
Source of stock number/acquisition DBAD/PUB
082 ## - DEWEY DECIMAL CLASSIFICATION NUMBER
Classification number 954.01
100 ## - MAIN ENTRY--PERSONAL NAME
Personal name Elst,Koenraad
245 ## - TITLE STATEMENT
Title Still no Trace of an aryan Inuasion:
Remainder of title by Koenroad Elst
Statement of responsibility, etc a collection on indo-European origins/
260 ## - PUBLICATION, DISTRIBUTION, ETC. (IMPRINT)
Place of publication, distribution, etc New Delhi
Name of publisher, distributor, etc Arryan Books International
Date of publication, distribution, etc 2018
270 ## - ADDRESS
City New Delhi
Address 4B, Ansari road
Postal code 110002
Electronic mail address aryanbooks@gmail.com
300 ## - PHYSICAL DESCRIPTION
Extent x;465p.
Other physical details 23cm(hb)
500 ## - GENERAL NOTE
General note includes index<br/>
942 ## - ADDED ENTRY ELEMENTS (KOHA)
Source of classification or shelving scheme Dewey Decimal Classification
Item type English Books
Classification part 954.01
Call number suffix ELS
Holdings
Withdrawn status Lost status Not for loan Collection code Home library Current library Date acquired Source of acquisition Cost, normal purchase price Full call number Barcode Copy number Cost, replacement price Koha item type
      Non-fiction Central Library Central Library 11/02/2020 DBAD/PUB 950.00 954.01 ELS EN-111216 1 950.00 English Books

© Delhi Public Library
Hit Counter
free hit counter